| 000 | 00378nam a2200133Ia 4500 | ||
|---|---|---|---|
| 008 | 230920s9999||||xx |||||||||||||| ||und|| | ||
| 020 | _a9780128144701 | ||
| 100 | _aFilice, Marco | ||
| 245 | 0 | _aNucleic Acid Nanotheranostics | |
| 260 |
_c2019 _bElsevier |
||
| 650 | _aMaterials Science 2019 | ||
| 856 | _uhttps://www.sciencedirect.com/science/book/9780128144701 | ||
| 942 | _cEB | ||
| 999 |
_c316113 _d316113 |
||